Länderflaggen als Kreisdiagramm #7 - Statistiken

Allgemein
  • Dieses Quiz wurde 27 mal gespielt
  • Das Durchschnittsergebnis liegt bei 7 aus 20
Antwortstatistiken
Bildquiz Antwort % Korrekt
Japan
91%
Luxemburg
91%
Marokko
73%
Bulgarien
64%
Sierra Leone
59%
Madagaskar
55%
Dschibuti
45%
Niger
45%
Tonga
36%
Tunesien
23%
Eritrea
18%
Malta
18%
Slowakei
18%
Zentralafrikanische Republik
18%
Costa Rica
9%
Belize
5%
Eswatini
5%
Norwegen
5%
Kambodscha
0%
Kuba
0%
Keine übereinstimmenden Quizze gefunden
Verteilung der Resultate
Anzahl Personen mit jedem Resultat
Perzentil nach korrekt beantworteten Fragen
Ihre Resultats-Entwicklung
Sie haben dieses Quiz noch nicht gespielt